000 00891cam a22002651 4500
001 2276
003 BD-RjUL
005 20211208233521.0
008 131211s1967 nju b 000 0 eng
035 _a(BD-RjUL)2303
040 _aDLC
_cDLC
_dDLC
_dBD-RjUL
_beng
041 _aeng
082 0 0 _a331.155
_bABC 1967
100 1 _aAbersold, John R.
_q(John Russell),
_d1902-
_97397
245 1 0 _aCases in labor relations :
_ban arbitration experience /
_cJohn R. Abersold, Wayne E. Howard.
260 _aEnglewood Cliffs, N.J. :
_bPrentice-Hall,
_c[1967]
300 _axii, 223 p. ;
_c22 cm.
490 0 _aPrentice-Hall industrial relations and personnel series
504 _aIncludes bibliographies.
650 0 _aArbitration, Industrial
_zUnited States
_xCases.
_97398
700 1 _aHoward, Wayne E.,
_ejoint author.
_97399
942 _2ddc
_cBK
999 _c2276
_d2276